Kurukshetra : (Record no. 7092)

MARC details
000 -LEADER
fixed length control field 00510cam a2200205ua 4500
001 - CONTROL NUMBER
control field 7978
005 - DATE AND TIME OF LATEST TRANSACTION
control field 20260515114257.0
008 - FIXED-LENGTH DATA ELEMENTS--GENERAL INFORMATION
fixed length control field 150103n ii |||gr||||Z||||||hin
020 ## - INTERNATIONAL STANDARD BOOK NUMBER
International Standard Book Number 8182260442
040 ## - CATALOGING SOURCE
Transcribing agency MAIN
041 ## - LANGUAGE CODE
Language code of text/sound track or separate title hin
082 ## - DEWEY DECIMAL CLASSIFICATION NUMBER
Classification number 294.5
100 ## - MAIN ENTRY--PERSONAL NAME
Personal name Singh, S.,
Relator term Editor.
245 1# - TITLE STATEMENT
Title Kurukshetra :
Remainder of title Moolyankan aur moolyankan /
Statement of responsibility, etc. Edited by Shokdev Singh .
250 ## - EDITION STATEMENT
Edition statement 1st.
260 ## - PUBLICATION, DISTRIBUTION, ETC.
Place of publication, distribution, etc. Ilahabad:
Name of publisher, distributor, etc. Nilabh,
Date of publication, distribution, etc. 2007.
300 ## - PHYSICAL DESCRIPTION
Extent 184p.
653 ## - INDEX TERM--UNCONTROLLED
Uncontrolled term Religions ofIndic origin
942 ## - ADDED ENTRY ELEMENTS (KOHA)
Koha item type Books
Holdings
Withdrawn status Lost status Damaged status Not for loan Home library Current library Shelving location Date acquired Total checkouts Full call number Barcode Date last seen Copy number Price effective from Koha item type
        Naharkatiya College Library Naharkatiya College Library General stacks 09/19/2020   294.5 | KUR 17796 09/19/2020 1 09/19/2020 Books